| 000 | 00436nam a2200169Ia 4500 | ||
|---|---|---|---|
| 008 | 250428s9999 xx 000 0 und d | ||
| 020 | _a978-1-119-71308-1 | ||
| 082 | _a004.6 PIP | ||
| 100 | _a Piper, Ben | ||
| 245 | 0 | _aAWS certified solutions architect study guide | |
| 250 | _a3rd | ||
| 260 |
_aNew York: _bJohn Wiley & Sons _c2021 |
||
| 300 | _a427p. | ||
| 600 | _aComputer Science | ||
| 650 | _aComputer Science | ||
| 942 | _cBK | ||
| 999 |
_c27271 _d27271 |
||